Đặc điểm văn hóa Đồng bằng sông Cửu Long
Khái quát về văn hóa Đồng bằng sông Cửu Long, văn hóa tổ chức đời sống cộng đồng, văn hóa sinh hoạt vật chất, văn hóa sinh hoạt tinh thần, văn hóa giao lưu xã hội
Đã lưu trong:
| 企业作者: | |
|---|---|
| 格式: | 图书 |
| 语言: | Undetermined |
| 出版: |
Hà Nội
Văn hóa Thông tin
2014
|
| 主题: | |
| 标签: |
添加标签
没有标签, 成为第一个标记此记录!
|
| Thư viện lưu trữ: | Trung tâm Học liệu Trường Đại học Cần Thơ |
|---|
| LEADER | 00936nam a2200205Ia 4500 | ||
|---|---|---|---|
| 001 | CTU_209738 | ||
| 008 | 210402s9999 xx 000 0 und d | ||
| 082 | |a 398.09597 | ||
| 082 | |b H452 | ||
| 110 | |a Hội văn nghệ dân gian Việt Nam | ||
| 245 | 0 | |a Đặc điểm văn hóa Đồng bằng sông Cửu Long | |
| 245 | 0 | |c Trần Phỏng Diều (Biên soạn) | |
| 260 | |a Hà Nội | ||
| 260 | |b Văn hóa Thông tin | ||
| 260 | |c 2014 | ||
| 520 | |a Khái quát về văn hóa Đồng bằng sông Cửu Long, văn hóa tổ chức đời sống cộng đồng, văn hóa sinh hoạt vật chất, văn hóa sinh hoạt tinh thần, văn hóa giao lưu xã hội | ||
| 650 | |a Văn hóa dân gian,Folklore | ||
| 650 | |z Việt Nam,Vietnam | ||
| 904 | |i Huỳnh Thị Ngọc Ngân,Hải | ||
| 980 | |a Trung tâm Học liệu Trường Đại học Cần Thơ | ||